Tous les Français champions du monde de Natation par images - Statistiques

Statistiques générales
  • Ce quiz a été pris 72 fois
  • Le résultat moyen est 10 sur 12
Statistiques - réponses
Par images Hint Réponse % Correct
2015 Florent Manaudou
100%
2005 et 2007 Laure Manaudou
100%
2022, 2023 et 2025 Léon Marchand
100%
2015 Mehdy Metella / Florent Manaudou / Fabien Gilot / Jérémy Stravius
100%
2013 Yannick Agnel / Florent Manaudou / Fabien Gilot / Jérémy Stravius
100%
2013 Camille Lacourt / Giacomo Perez-Dortona / Jérémy Stravius / Fabien Gilot
95%
2011, 2013 et 2015 Camille Lacourt
94%
2023 et 2025 Maxime Grousset
86%
2013 Yannick Agnel
84%
2011 Jérémy Stravius
69%
1998 Roxana Maracineanu
22%
2005 Solenne Figuès
9%
Aucun quiz correspondant
Distribution des résultats
% des personnes avec chaque résultat
Percentile par nombre de réponses
Votre historique - résultats
Vous n’avez pas pris ce quiz